000 00363 a2200133 4500
005 20250603054841.0
020 _a81-219-3641-1
100 _aTULSIAN, P.C
245 _aTulsian's Business and Corporate Laws
250 _a1st Ed.
260 _aNew Delhi
_bS. Chand & Company LTD.
_c2011
300 _aviii, 572p.: ill; tables.
_bAppendix,
_c24.2 cm
942 _2ddc
_cBKS
999 _c3057
_d3057